Statistiken für Oblaste der Ukraine

Klicken Sie hier um das Quiz zu spielen!

Allgemein

  • Dieses Quiz wurde 69 mal gespielt
  • Das Durchschnittsergebnis liegt bei 12 aus 27

Antworten auf der Karte

Die Antworten werden auf der Karte rot bzw. grün angezeigt, abhängig davon wie oft sie richtig erraten wurden.
 

Antwortstatistiken

Antwort% Korrekt
Oblast Kiew
97%
Stadt Kiew
97%
Autonome Republik Krim
90%
Oblast Donezk
82%
Oblast Lwiw
79%
Oblast Charkiw
77%
Oblast Odessa
77%
Oblast Luhansk
67%
Stadt Sewastopol
62%
Oblast Cherson
54%
Oblast Iwano-Frankiwsk
38%
Oblast Mykolajiw
38%
Oblast Dnipropetrowsk
36%
Oblast Saporischschja
36%
Oblast Sumy
33%
Oblast Poltawa
31%
Oblast Ternopil
26%
Oblast Transkarpatien
26%
Oblast Tscherkassy
23%
Oblast Riwne
18%
Oblast Schytomyr
18%
Oblast Tschernihiw
18%
Oblast Tscherniwzi
15%
Oblast Wolyn
13%
Oblast Winnyzja
10%
Oblast Chmelnyzkyj
8%
Oblast Kirowohrad
8%

Verteilung der Resultate

Perzentil nach korrekt beantworteten Fragen

Anzahl Personen mit jedem Resultat

Ihre Resultats-Entwicklung

Sie haben dieses Quiz noch nicht gespielt